|
|
|
|
| LEADER |
00000nab a2200000 a 4500 |
| 001 |
vtls010190577 |
| 003 |
SK-MaSNL |
| 005 |
20260304161222.0 |
| 008 |
250507c2010 xo ||||||||||||00 b|slo |
| 015 |
|
|
|a SNBRB2010/10
|2 snkbucl
|
| 035 |
|
|
|a (uuid)d8f2efab-9ea0-42d2-ab75-4ab9ef65c8d6
|
| 035 |
|
|
|a urn:nbn:sk:snk-abc6fa
|
| 035 |
|
|
|a (urnnbn)urn:nbn:sk:snk:ar-002rqr
|
| 038 |
|
|
|a SNKBUCL
|
| 040 |
|
|
|a SNKBUCL
|b slo
|c SNKBUCL
|e AACR2
|
| 041 |
0 |
|
|a slo
|
| 044 |
|
|
|a xo
|c SK
|
| 080 |
|
|
|a 811.162.4`373.6
|2 2001
|
| 080 |
|
|
|a 81`373.6:811.162.4
|2 2001
|
| 080 |
|
|
|a 81`367.622:811.162.4
|2 2001
|
| 080 |
|
|
|a 811.162.4`367.622
|2 2001
|
| 100 |
1 |
|
|a Králik, Ľubor,
|d 1967-
|4 aut
|9 97587
|
| 245 |
1 |
0 |
|a K etymológii slova laskonka
|c Ľubor Králik
|
| 504 |
|
|
|a Bibliogr. odkazy v poznámkach
|
| 650 |
0 |
7 |
|a slovenčina
|2 snkbucl
|9 1350
|
| 650 |
0 |
7 |
|a slovná zásoba
|2 snkbucl
|9 66837
|
| 650 |
0 |
7 |
|a podstané mená
|2 snkbucl
|9 1484868
|
| 650 |
0 |
7 |
|a etymológia
|2 snkbucl
|9 16982
|
| 650 |
0 |
7 |
|a podstatné meno laskonka
|2 snkbucl
|9 1484869
|
| 655 |
|
7 |
|a štúdie
|2 snkbucl
|9 57033
|
| 773 |
0 |
|
|t Slovenská reč
|g Roč. 75, č. 3 (2010), s. 203-206
|x 0037-6981
|
| 850 |
|
|
|a Slovenská národná knižnica
|
| 852 |
|
|
|a Slovenská národná knižnica
|
| 954 |
|
|
|a odborná, vedecká literatúra pôvodná (slovenská)
|2 lita
|
| 958 |
|
|
|a article15
|
| 958 |
|
|
|a OND
|
| 958 |
|
|
|a NB
|
| 958 |
|
|
|a EUIPO
|
| 999 |
|
|
|c 2970366
|d 2972296
|